Vista normal Vista MARC

Entrada Personal Name

Número de registros utilizados en: 2

001 - CONTROL NUMBER

  • control field: 39682

003 - CONTROL NUMBER IDENTIFIER

  • control field: OSt

005 - DATE AND TIME OF LATEST TRANSACTION

  • control field: 20210825112833.0

008 - FIXED-LENGTH DATA ELEMENTS

  • fixed length control field: 210825|| aca||aabn | a|a d

040 ## - CATALOGING SOURCE

  • Original cataloging agency: OSt
  • Transcribing agency: OSt

100 ## - HEADING--PERSONAL NAME

  • Personal name: María Pallas, José

670 ## - SOURCE DATA FOUND

  • Source citation: Work cat.: (OSt)12288: Akerman, Johan, autor 27814, Estructuras y ciclos económicos , 1962.